| 000 | 00395nam a2200157Ia 4500 | ||
|---|---|---|---|
| 008 | 230711s9999||||xx |||||||||||||| ||und|| | ||
| 041 | _aENG | ||
| 082 |
_a720 _bID-B |
||
| 100 | _aIdea Works Collection | ||
| 245 | 0 | _aBalconies, exterior and garage doors | |
| 250 | _a1st Ed. | ||
| 260 |
_c1997 _aBarcelona _bIdea BooksS.A Publications |
||
| 300 | _a117 | ||
| 650 | _aArchitecture | ||
| 942 | _cBK | ||
| 999 |
_c5048 _d5048 |
||